Código de comercio: edición especial

Guardat en:
Dades bibliogràfiques
Format: Llibre
Idioma:espanyol
Publicat: Santiago LexisNexis 2006
Edició:6a. ed
Matèries:
Etiquetes: Afegir etiqueta
Sense etiquetes, Sigues el primer a etiquetar aquest registre!

MARC

LEADER 00000nam a2200000 a 4500
001 UCJ2393
003 CL-VaPUC
008 061214e20060000CL |||||||||||||||||spa|d
020 |a 9562384381 
082 0 4 |a 346.8307  |b COD  |2 21 
245 1 0 |a Código de comercio: edición especial 
250 |a 6a. ed 
300 |a 742 p 
942 |c BK 
945 |d 20061214 00:00:00  |a jtorresc 
260 |a Santiago  |b LexisNexis  |c 2006 
650 0 |a Código de comercio   |9 329302 
650 0 |a Derecho comercial chileno  |9 430902 
650 0 |a Contratos  |9 255153 
650 7 |a RESPONSABILIDAD CIVIL  |2 CL-VaPUC  |9 503394 
650 0 |a Comercio marítimo  |9 352895 
583 |a last modification  |c 20061214 00:00:00  |k Rodrigo Vera 
999 |c 318694  |d 318692